00525 2200169 4500001002100000005001500021035002000036008004100056082001100097090001700108100001900125245007400144260004200218300002900260650004900289084001700338INLIS00000000000321320211101085804 a0010-0521003213211101 | | dut  a633.88 a633.88/SCH/b0 aSchierbeek, A.1 aBloemlezing uit het cruydt boeck van rembert dodoens /cA. Schierbeek aDen Haag :bUitgave de Hofstad,c1941 a160 p. :bill. ;c24 cm. 4aANTHOLOGY -- CRUYDT BOECK -- REMBERT DODOENS a633.88 SCH b